Statistiques concernant Les talents des Pokémons de la 5ème génération

Cliquez ici pour prendre le quiz!

Statistiques générales

  • Ce quiz a été pris 29 fois
  • Le résultat moyen est 309 sur 486

Statistiques - réponses

TalentPkmnRéponse% Correct
Talent cachéFlamajouBrasier
100%
Talent 1GruikuiBrasier
100%
Talent 1RoitiflamBrasier
100%
Talent cachéFlamoutanBrasier
100%
Talent 1GrotichonBrasier
100%
Talent cachéFeuiloutanEngrais
100%
Talent 1MajaspicEngrais
100%
Talent 1VipélierreEngrais
100%
Talent cachéFeuillajouEngrais
100%
Talent 1LianajaEngrais
100%
Talent 1PonchienIntimidation
100%
Talent 1MastouffeIntimidation
100%
Talent 1Démétéros (T)Intimidation
100%
Talent 1MascaïmanIntimidation
100%
Talent 1CrocoribleIntimidation
100%
Talent cachéBaggiguaneIntimidation
100%
Talent cachéBaggaïdIntimidation
100%
Talent 1EscrocoIntimidation
100%
Talent 1LugulabreTorche
100%
Talent 1MélancoluxTorche
100%
Talent 2AflamanoirTorche
100%
Talent 1FunécireTorche
100%
Talent 1MoustillonTorrent
100%
Talent cachéFlotajouTorrent
100%
Talent 1MateloutreTorrent
100%
Talent cachéFlotoutanTorrent
100%
Talent 1ClamiralTorrent
100%
Talent 1PyronilleCorps Ardent
89%
Talent 1PyraxCorps Ardent
89%
Talent 2MélancoluxCorps Ardent
89%
Talent 2FunécireCorps Ardent
89%
Talent 2LugulabreCorps Ardent
89%
Talent 1AéroptéryxDéfaitiste
89%
Talent 1ArkéaptiDéfaitiste
89%
Talent 1CrabicoqueFermeté
89%
Talent 2MégapagosFermeté
89%
Talent 1CrabaraqueFermeté
89%
Talent 1GéolitheFermeté
89%
Talent 2CarapagosFermeté
89%
Talent 1KaracléeFermeté
89%
Talent 1GigalitheFermeté
89%
Talent 1NodulitheFermeté
89%
Talent 1AnchwattLévitation
89%
Talent 1LampéroieLévitation
89%
Talent 1HexagelLévitation
89%
Talent 1OhmassacreLévitation
89%
Talent 1TrioxhydreLévitation
89%
Talent 1KyuremPression
89%
Talent cachéScalproiePression
89%
Talent cachéScalpionPression
89%
Talent 1LimondeStatik
89%
Talent 1EmolgaStatik
89%
Talent cachéBatracnéAbsorbe-Eau
78%
Talent cachéCrapustuleAbsorbe-Eau
78%
Talent 1ViskuseAbsorbe-Eau
78%
Talent cachéTritondeAbsorbe-Eau
78%
Talent 1MaracachiAbsorbe-Eau
78%
Talent 1MoyadeAbsorbe-Eau
78%
Talent 2FermiteAgitation
78%
Talent cachéFuraiglonAgitation
78%
Talent 1DiamatAgitation
78%
Talent 1SolochiAgitation
78%
Talent 1DarumarondAgitation
78%
Talent 1ShaofouineAttention
78%
Talent 1KungfouineAttention
78%
Talent 2ScalproieAttention
78%
Talent cachéDarumarondAttention
78%
Talent 2ScalpionAttention
78%
Talent 2JudokrakAttention
78%
Talent 2KaracléeAttention
78%
Talent 1ColombeauCœur de Coq
78%
Talent 1DéflaisanCœur de Coq
78%
Talent 2LakmécygneCœur de Coq
78%
Talent 2CouanetonCœur de Coq
78%
Talent 1VostournoCœur de Coq
78%
Talent 1PoichigeonCœur de Coq
78%
Talent 1VaututriceCœur de Coq
78%
Talent 1TerrakiumCœur Noble
78%
Talent 1KeldeoCœur Noble
78%
Talent 1CobaltiumCœur Noble
78%
Talent 1ViridiumCœur Noble
78%
Talent cachéLianajaContestation
78%
Talent cachéMajaspicContestation
78%
Talent cachéVipélierreContestation
78%
Talent 1CharpentiCran
78%
Talent 1BétochefCran
78%
Talent 1OuvrifierCran
78%
Talent 1JudokrakCran
78%
Talent 1NoacierEpine de Fer
78%
Talent 1GrindurEpine de Fer
78%
Talent cachéPyraxEssaim
78%
Talent 1CarabingEssaim
78%
Talent 1LançargotEssaim
78%
Talent cachéStatitikEssaim
78%
Talent cachéMygavoltEssaim
78%
Talent 2BrutapodeEssaim
78%
Talent 2ScobolideEssaim
78%
Talent 2VenipatteEssaim
78%
Talent 1ManternelEssaim
78%
Talent cachéPyronilleEssaim
78%
Talent 1FermiteEssaim
78%
Talent 1LarveyetteEssaim
78%
Talent cachéGigalitheForce Sable
78%
Talent cachéNodulitheForce Sable
78%
Talent 2MinotaupeForce Sable
78%
Talent 1Démétéros (A)Force Sable
78%
Talent 2RototaupeForce Sable
78%
Talent cachéGéolitheForce Sable
78%
Talent 1CrapustuleGlissade
78%
Talent cachéMégapagosGlissade
78%
Talent cachéPolagriffeGlissade
78%
Talent 1BatracnéGlissade
78%
Talent cachéCarapagosGlissade
78%
Talent 1TritondeGlissade
78%
Talent 1ZoroarkIllusion
78%
Talent 1ZoruaIllusion
78%
Talent 2MascaïmanImpudence
78%
Talent 2EscrocoImpudence
78%
Talent 2CrocoribleImpudence
78%
Talent 2BaggiguaneImpudence
78%
Talent 2BaggaïdImpudence
78%
Talent cachéMaracachiLavabo
78%
Talent cachéSidérellaMarque Ombre
78%
Talent cachéMesmérellaMarque Ombre
78%
Talent cachéScrutellaMarque Ombre
78%
Talent 2CrapustulePoint Poison
78%
Talent 1BrutapodePoint Poison
78%
Talent 1VenipattePoint Poison
78%
Talent 1ScobolidePoint Poison
78%
Talent 1GueriaigleRegard Vif
78%
Talent 1LakmécygneRegard Vif
78%
Talent 2RatentifRegard Vif
78%
Talent 1CouanetonRegard Vif
78%
Talent 1FuraiglonRegard Vif
78%
Talent 2MiradarRegard Vif
78%
Talent 1Kyurem (N)Téra-Voltage
78%
Talent 1ZekromTéra-Voltage
78%
Talent cachéBrutapodeTurbo
78%
Talent cachéScobolideTurbo
78%
Talent cachéVenipatteTurbo
78%
Talent 1Kyurem (B)Turbo Brasier
78%
Talent 1ReshiramTurbo Brasier
78%
Talent 1VictiniVictorieux
78%
Talent 1Fulguris (T)Absorbe-Volt
67%
Talent 2SorbouboulAlerte Neige
67%
Talent cachéRatentifAnalyste
67%
Talent cachéNeitramAnalyste
67%
Talent cachéLewsorAnalyste
67%
Talent cachéMiradarAnalyste
67%
Talent 1RototaupeBaigne Sable
67%
Talent 2MastouffeBaigne Sable
67%
Talent 1MinotaupeBaigne Sable
67%
Talent 2PonchienBaigne Sable
67%
Talent 2ScrutellaBattant
67%
Talent 2MesmérellaBattant
67%
Talent 2SidérellaBattant
67%
Talent 1ChlorobuleChlorophylle
67%
Talent 1FragiladyChlorophylle
67%
Talent cachéFarfaduvetChlorophylle
67%
Talent cachéDoudouvetChlorophylle
67%
Talent 2LarveyetteChlorophylle
67%
Talent 1VivaldaimChlorophylle
67%
Talent 1HaydaimChlorophylle
67%
Talent 2CouverdureChlorophylle
67%
Talent 2ManternelChlorophylle
67%
Talent 2MaracachiChlorophylle
67%
Talent cachéMateloutreCoque Armure
67%
Talent 2LançargotCoque Armure
67%
Talent 2CrabicoqueCoque Armure
67%
Talent 2EscargaumeCoque Armure
67%
Talent cachéClamiralCoque Armure
67%
Talent cachéMoustillonCoque Armure
67%
Talent 2CrabaraqueCoque Armure
67%
Talent cachéCliticlicCorps Sain
67%
Talent cachéClicCorps Sain
67%
Talent cachéTicCorps Sain
67%
Talent 1Boréas (A)Farceur
67%
Talent 1FarfaduvetFarceur
67%
Talent 1DoudouvetFarceur
67%
Talent 1Fulguris (A)Farceur
67%
Talent cachéLéopardusFarceur
67%
Talent cachéChacripanFarceur
67%
Talent 1CouverdureFeuille Garde
67%
Talent cachéChlorobuleFeuille Garde
67%
Talent cachéFragiladyFeuille Garde
67%
Talent 1RatentifFuite
67%
Talent cachéPonchiotFuite
67%
Talent cachéDarumachoMode Transe
67%
Talent 1TutankaferMomie
67%
Talent 1TutafehMomie
67%
Talent cachéPashmillaMulti-Coups
67%
Talent cachéChinchidouMulti-Coups
67%
Talent 1ZéblitzParatonnerre
67%
Talent 1ZébibronParatonnerre
67%
Talent 1DrakkarminPeau Dure
67%
Talent cachéBétochefPoing de Fer
67%
Talent 1GringolemPoing de Fer
67%
Talent 1GolemastocPoing de Fer
67%
Talent cachéCharpentiPoing de Fer
67%
Talent cachéOuvrifierPoing de Fer
67%
Talent 1GauletPose Spore
67%
Talent 1TrompignonPose Spore
67%
Talent 2PonchiotRamassage
67%
Talent cachéTrompignonRégé-Force
67%
Talent 2ShaofouineRégé-Force
67%
Talent cachéSymbiosRégé-Force
67%
Talent cachéGauletRégé-Force
67%
Talent cachéMamanboRégé-Force
67%
Talent 2NanméouïeRégé-Force
67%
Talent 1Boréas (T)Régé-Force
67%
Talent cachéMéiosRégé-Force
67%
Talent 2KungfouineRégé-Force
67%
Talent cachéNucléosRégé-Force
67%
Talent 2GigalitheSable Volant
67%
Talent cachéDémétéros (A)Sans Limite
67%
Talent 2OuvrifierSans Limite
67%
Talent 2DrakkarminSans Limite
67%
Talent 2CharpentiSans Limite
67%
Talent 2GueriaigleSans Limite
67%
Talent 2FuraiglonSans Limite
67%
Talent 2BétochefSans Limite
67%
Talent 1DarumachoSans Limite
67%
Talent cachéTranchodonTension
67%
Talent cachéIncisacheTension
67%
Talent cachéCoupenotteTension
67%
Talent 2StatitikTension
67%
Talent 2MygavoltTension
67%
Talent 1Bargantua (B)Tête de Roc
67%
Talent cachéLimondeVoile Sable
67%
Talent 2GrindurX
67%
Talent cachéGrindurX
67%
Talent cachéDémétéros (T)X
67%
Talent 2Démétéros (T)X
67%
Talent 2Démétéros (A)X
67%
Talent 2KyuremX
67%
Talent 2TrompignonX
67%
Talent 2GenesectX
67%
Talent cachéKyuremX
67%
Talent 2Kyurem (B)X
67%
Talent cachéMeloettaX
67%
Talent cachéKyurem (B)X
67%
Talent 2Kyurem (N)X
67%
Talent 2MeloettaX
67%
Talent 2GauletX
67%
Talent cachéKeldeoX
67%
Talent 2KeldeoX
67%
Talent cachéKyurem (N)X
67%
Talent 2LampéroieX
67%
Talent cachéZekromX
67%
Talent 2ViridiumX
67%
Talent cachéHexagelX
67%
Talent 2HexagelX
67%
Talent 2SolochiX
67%
Talent cachéSolochiX
67%
Talent 2DiamatX
67%
Talent cachéDiamatX
67%
Talent 2TrioxhydreX
67%
Talent cachéTrioxhydreX
67%
Talent 2PyronilleX
67%
Talent 2PyraxX
67%
Talent 2CobaltiumX
67%
Talent cachéCobaltiumX
67%
Talent 2TerrakiumX
67%
Talent cachéTerrakiumX
67%
Talent cachéOhmassacreX
67%
Talent 2ZekromX
67%
Talent 2Fulguris (A)X
67%
Talent 2NoacierX
67%
Talent cachéReshiramX
67%
Talent 2ReshiramX
67%
Talent cachéNoacierX
67%
Talent cachéFulguris (T)X
67%
Talent 2Fulguris (T)X
67%
Talent cachéBoréas (T)X
67%
Talent 2OhmassacreX
67%
Talent 2AnchwattX
67%
Talent cachéAnchwattX
67%
Talent 2Boréas (T)X
67%
Talent 2Boréas (A)X
67%
Talent cachéLampéroieX
67%
Talent cachéViridiumX
67%
Talent 2EmolgaX
67%
Talent cachéGenesectX
67%
Talent 2ZoruaX
67%
Talent 2MajaspicX
67%
Talent 2FeuiloutanX
67%
Talent 2LianajaX
67%
Talent 2FlamajouX
67%
Talent 2GruikuiX
67%
Talent 2FlamoutanX
67%
Talent 2GrotichonX
67%
Talent cachéZoroarkX
67%
Talent 2ZoroarkX
67%
Talent cachéZoruaX
67%
Talent 2DarumachoX
67%
Talent 2FlotajouX
67%
Talent 2FlotoutanX
67%
Talent 2VipélierreX
67%
Talent cachéAéroptéryxX
67%
Talent 2AéroptéryxX
67%
Talent 2TutankaferX
67%
Talent 2DarumarondX
67%
Talent 2TutafehX
67%
Talent cachéTutafehX
67%
Talent cachéVictiniX
67%
Talent 2MateloutreX
67%
Talent 2ClamiralX
67%
Talent 2MoustillonX
67%
Talent 2RoitiflamX
67%
Talent cachéTutankaferX
67%
Talent 2ArkéaptiX
67%
Talent 2FeuillajouX
67%
Talent cachéArkéaptiX
67%
Talent 2VictiniX
67%
Talent 1ScalpionAcharné
56%
Talent cachéFulguris (A)Acharné
56%
Talent cachéBoréas (A)Acharné
56%
Talent 1ScalproieAcharné
56%
Talent cachéGueriaigleAcharné
56%
Talent cachéGolemastocAnnule Garde
56%
Talent cachéCarabingAnnule Garde
56%
Talent cachéGringolemAnnule Garde
56%
Talent 1SorboulCorps Gel
56%
Talent 1SorbouboulCorps Gel
56%
Talent 1SorbébéCorps Gel
56%
Talent 2ViskuseCorps Maudit
56%
Talent 2MoyadeCorps Maudit
56%
Talent 1MéiosEnvelocape
56%
Talent 1NucléosEnvelocape
56%
Talent 2VaututriceEnvelocape
56%
Talent 1SymbiosEnvelocape
56%
Talent cachéLarveyetteEnvelocape
56%
Talent cachéCouverdureEnvelocape
56%
Talent cachéManternelEnvelocape
56%
Talent cachéEscargaumeEnvelocape
56%
Talent cachéLançargotEnvelocape
56%
Talent 2VostournoEnvelocape
56%
Talent 2MéiosGarde Magik
56%
Talent 2NucléosGarde Magik
56%
Talent 2SymbiosGarde Magik
56%
Talent 2CryptéroGarde Magik
56%
Talent 1FeuillajouGloutonnerie
56%
Talent 1AflamanoirGloutonnerie
56%
Talent 1FlamajouGloutonnerie
56%
Talent 1FeuiloutanGloutonnerie
56%
Talent 1FlotoutanGloutonnerie
56%
Talent 1FlamoutanGloutonnerie
56%
Talent 1FlotajouGloutonnerie
56%
Talent 2MiamiasmeGlu
56%
Talent 2LimaspeedGlu
56%
Talent 2FrisonHerbivore
56%
Talent cachéZébibronHerbivore
56%
Talent cachéZéblitzHerbivore
56%
Talent 2HaydaimHerbivore
56%
Talent 2VivaldaimHerbivore
56%
Talent cachéCouanetonHydratation
56%
Talent 1LimaspeedHydratation
56%
Talent cachéLakmécygneHydratation
56%
Talent 1EscargaumeHydratation
56%
Talent 1MamanboHydratation
56%
Talent 2BatracnéHydratation
56%
Talent 2TritondeHydratation
56%
Talent 1PashmillaJoli Sourire
56%
Talent 1ChinchidouJoli Sourire
56%
Talent 1BaggiguaneMue
56%
Talent 1BaggaïdMue
56%
Talent 2CarabingMue
56%
Talent 1StatitikŒil Composé
56%
Talent 1MygavoltŒil Composé
56%
Talent 1MiamiasmePuanteur
56%
Talent 1MiasmaxPuanteur
56%
Talent 1PolagriffeRideau Neige
56%
Talent 2SorbébéRideau Neige
56%
Talent 1PolarhumeRideau Neige
56%
Talent 2SorboulRideau Neige
56%
Talent 1GenesectTélécharge
56%
Talent cachéShaofouineTéméraire
56%
Talent cachéRoitiflamTéméraire
56%
Talent 1Bargantua (R)Téméraire
56%
Talent 1FrisonTéméraire
56%
Talent cachéKungfouineTéméraire
56%
Talent 2Bargantua (R)Adaptabilité
44%
Talent 2Bargantua (B)Adaptabilité
44%
Talent cachéJudokrakBrise Moule
44%
Talent 2CoupenotteBrise Moule
44%
Talent cachéBargantua (R)Brise Moule
44%
Talent cachéRototaupeBrise Moule
44%
Talent cachéKaracléeBrise Moule
44%
Talent cachéMinotaupeBrise Moule
44%
Talent 2IncisacheBrise Moule
44%
Talent cachéBargantua (B)Brise Moule
44%
Talent cachéDrakkarminBrise Moule
44%
Talent 2TranchodonBrise Moule
44%
Talent 2DéflaisanChanceux
44%
Talent 2ColombeauChanceux
44%
Talent 2PoichigeonChanceux
44%
Talent 2PolarhumeChasse Neige
44%
Talent 2PolagriffeChasse Neige
44%
Talent 2LéopardusDélestage
44%
Talent 2ChacripanDélestage
44%
Talent cachéLimaspeedDélestage
44%
Talent 1PonchiotEsprit Vital
44%
Talent 1CryptéroPeau Miracle
44%
Talent cachéMastouffeQuerelleur
44%
Talent cachéPonchienQuerelleur
44%
Talent cachéChovsourirSimple
44%
Talent cachéRhinoloveSimple
44%
Talent 1CarapagosSolide Roc
44%
Talent 1MégapagosSolide Roc
44%
Talent 2NeitramSynchro
44%
Talent 2LewsorSynchro
44%
Talent 2MushanaSynchro
44%
Talent 2MunnaSynchro
44%
Talent 2PashmillaTechnicien
44%
Talent 2ChinchidouTechnicien
44%
Talent cachéMunnaTélépathe
44%
Talent cachéMushanaTélépathe
44%
Talent 1NeitramTélépathe
44%
Talent 1LewsorTélépathe
44%
Talent cachéFrisonAnti-Bruit
33%
Talent 2MiasmaxArmurouillée
33%
Talent cachéVaututriceArmurouillée
33%
Talent cachéVostournoArmurouillée
33%
Talent cachéCrabaraqueArmurouillée
33%
Talent cachéCrabicoqueArmurouillée
33%
Talent cachéSorbébéArmurouillée
33%
Talent cachéSorboulArmurouillée
33%
Talent 2GéolitheArmurouillée
33%
Talent 2NodulitheArmurouillée
33%
Talent cachéSorbouboulArmurouillée
33%
Talent cachéMiamiasmeBoom Final
33%
Talent cachéMiasmaxBoom Final
33%
Talent 1NanméouïeCœur Soin
33%
Talent 2MamanboCœur Soin
33%
Talent cachéEscrocoColérique
33%
Talent cachéMascaïmanColérique
33%
Talent cachéCrocoribleColérique
33%
Talent 1LéopardusEchauffement
33%
Talent 2LimondeEchauffement
33%
Talent 1ChacripanEchauffement
33%
Talent 1ChovsourirInconscient
33%
Talent 1RhinoloveInconscient
33%
Talent cachéFunécireInfiltration
33%
Talent cachéMélancoluxInfiltration
33%
Talent 2FarfaduvetInfiltration
33%
Talent 2DoudouvetInfiltration
33%
Talent cachéLugulabreInfiltration
33%
Talent cachéCryptéroLentiteintée
33%
Talent 1MiradarLumiattirance
33%
Talent 2ZébibronMotorisé
33%
Talent cachéEmolgaMotorisé
33%
Talent 2ZéblitzMotorisé
33%
Talent cachéPolarhumePhobique
33%
Talent 1CliticlicPlus
33%
Talent 1ClicPlus
33%
Talent 1TicPlus
33%
Talent 1MunnaPrédiction
33%
Talent 1MushanaPrédiction
33%
Talent cachéDéflaisanRivalité
33%
Talent 1IncisacheRivalité
33%
Talent 1CoupenotteRivalité
33%
Talent cachéPoichigeonRivalité
33%
Talent cachéColombeauRivalité
33%
Talent 1TranchodonRivalité
33%
Talent 1MeloettaSérénité
33%
Talent cachéHaydaimSérénité
33%
Talent cachéVivaldaimSérénité
33%
Talent 2ChlorobuleTempo Perso
33%
Talent 2FragiladyTempo Perso
33%
Talent cachéFermiteAbsentéisme
22%
Talent cachéAflamanoirEcran Fumée
22%
Talent cachéGruikuiIsograisse
22%
Talent cachéGrotichonIsograisse
22%
Talent 2ChovsourirMaladresse
22%
Talent 1SidérellaMaladresse
22%
Talent 1MesmérellaMaladresse
22%
Talent 1ScrutellaMaladresse
22%
Talent 2RhinoloveMaladresse
22%
Talent 2GringolemMaladresse
22%
Talent 2GolemastocMaladresse
22%
Talent cachéNanméouïeMaladresse
22%
Talent 2ClicMoins
22%
Talent 2TicMoins
22%
Talent 2CliticlicMoins
22%
Talent cachéMoyadeMoiteur
22%
Talent cachéViskuseMoiteur
22%

Distribution des résultats

Percentile par nombre de réponses

% des personnes avec chaque résultat

Votre développement - résultats

Vous n’avez pas pris ce quiz